Najlepsi Bramkarze w Historii - Statystyki

Ogólne statystyki
  • Ten quiz został rozwiązany 179 razy
    162 od ostatniego zresetowania
  • Średni wynik to 7 z 16
Statystyki odpowiedzi
Hint Odpowiedź % Poprawnych
1 Buffon
88%
1 Neuer
81%
4 Casillas
79%
1 Yashin
75%
13 Ter-Stegen
50%
5 Van Der Sar
49%
10 Cech
43%
6 Courtois
42%
11 Kahn
39%
8 Dida
38%
7 Schmeichel
31%
15 Zoff
21%
9 Julio Cesar
17%
12 Banks
10%
8 Meier
7%
14 Zubizarreta
3%
Nie znaleziono quizów pasujących do podanych kryteriów
Rozkład punktacji
Procent ludzi z każdym wynikiem
Percentyl według liczby udzielonych odpowiedzi
Twoja historia wyników
Nie rozwiązałeś tego quizu od ostatniego zresetowania